000 00643cab a2200217 4500
001 ABS37790
008 090401t1987 xxu||||| |||| 00| 0 eng d
035 _a(Sirsi) u6760
041 _aeng
245 _aThat`ll do nicely
260 _c1987
350 _a0
490 _aBuilding
_v252(24) 12 June 1987, 45-47(3)
520 _aReports on phase 2 of the fitting-out of the American Express Group building, Broadgate , achieved in 16 months.
650 _aENGINEERING SERVICES
650 _aFAST TRACK CONSTRUCTION
650 _aSHELL AND CORE
690 _aBUILT ENVIRONMENT-CONSTRUCTION DESIGN
942 _n0
948 _c04/03/1997
999 _c4023
_d4023